000 01794nam a2200265Ia 4500
003 CO-CtgCURN
005 20250408213547.0
008 190723s9999 xx 000 0 und d
020 _a9789588745374
040 _aCO-CtgCURN
_bspa
_ccoctgcurn
082 _a346.02
_bB748
100 _aBotero Hernandez, Luis Eduardo
245 0 _aDerecho civil contratos :
_bparte especial : apuntes de clase /
_cLuis Eduardo Botero Hernandez
260 _aBogotá, Colombia :
_bUniversidad Sergio Arboleda,
_c2012
300 _a366 páginas ;
_c23 centímetros
504 _aIncluye referencias bibliográficas (p. 365-366)
505 _aContratos II -- Negocios de transferencia del dominio -- La compraventa -- Efectos del contrato de venta -- Obligaciones del vendedor -- Obligaciones del comprador -- Contrato de permuta -- Cesión de derechos -- Contrato de suministro -- Negocios de uso y goce -- Arrendamientos -- Leasing -- Negocios de sustitucion -- El mandato -- La comision -- Agencia comercial -- Del corretaje -- Fiducia Mercantil -- Negocios de custodia -- El deposito -- Contratos de garantia -- La fianza -- La prenda -- Hipoteca -- Anticresis -- Metodos alternativos de solucion de conflictos -- Transaccion -- Contrato de compromiso y la clausula compromisoria -- Contrato de transporte -- Negocios atipicos o figuras de contratación moderna -- Estructura empresarial de integracion -- Estructura empresarial de diversificacion -- Contratos de financiamiento
521 _aAREA PROFESIONAL
590 _aPrograma de Derecho_18
650 _aContratos
650 _aDerecho comercial
942 _cBK
_h346.02
_iB748
_03
_2ddc
_n0
999 _c29126
_d29126